Environmental consciousness and urban planning (Record no. 400307)

000 -LEADER
fixed length control field 00404cam a22001457a 4500
008 - FIXED-LENGTH DATA ELEMENTS--GENERAL INFORMATION
fixed length control field 180718b1993 xxu||||| |||| 00| 0 eng d
020 ## - INTERNATIONAL STANDARD BOOK NUMBER
International Standard Book Number 0863113761
082 ## - DEWEY DECIMAL CLASSIFICATION NUMBER
Classification number O91 B851
100 ## - MAIN ENTRY--PERSONAL NAME
Personal name Buch, M.N.
245 ## - TITLE STATEMENT
Title Environmental consciousness and urban planning
Statement of responsibility, etc. by M.N. Buch
260 ## - PUBLICATION, DISTRIBUTION, ETC.
Place of publication, distribution, etc. New Delhi
Name of publisher, distributor, etc. Orient Longman
Date of publication, distribution, etc. 1993
300 ## - PHYSICAL DESCRIPTION
Extent 81p.
440 ## - SERIES STATEMENT/ADDED ENTRY--TITLE
Title Tracts for the times/ 2
650 ## - SUBJECT ADDED ENTRY--TOPICAL TERM
Topical term or geographic name entry element City planning
Holdings
Withdrawn status Lost status Damaged status Not for loan Permanent Location Current Location Date acquired Full call number Barcode Date last seen Price effective from Koha item type
        Indian Institute of Public Administration Indian Institute of Public Administration 2002-10-23 O91 B851 78018 2018-07-21 2018-07-21 Book

Powered by Koha